000 02067cam a22005294i 4500
003 PE-LiUPU
005 20250731172832.0
008 150826s2013 miu rb 001 0 eng d
020 _a0802871577
020 _a9780802871572
035 _a(Sirsi) i9780802871572
040 _aYDXCP
_cYDXCP
_dBTCTA
_dBDX
_dIMC
_dOCLCO
_dKAT
_dWIO
_dABF
_dDLC
_dPE-LiUPU
_erda
041 1 _aeng
_hger
049 _aPRUA
050 0 0 _aBT203
_b.W4413 2013
082 0 4 _a232
_bW42
100 1 _aWelker, Michael,
_d1947- ,
_eautor.
245 1 0 _aGod the revealed :
_bChristology /
_cMichael Welker ; translated by Douglas W. Stott.
264 1 _aGrand Rapids, Michigan :
_bW B Eerdmans Pub Co,
_c[2013].
300 _a346 páginas ;
_c23 centímetros
336 _atext
_2rdacontent
337 _aunmediated
_2rdamedia
338 _avolume
_2rdacarrier
504 _aIncluye referencias bibliográficas e índice.
505 0 _aWho is Jesus Christ for us today? -- The historical Jesus -- The resurrection -- The cross -- The exalted Christ and his reign -- Truly God -- truly human -- Afterword.
526 _aSEG42
526 _aSEG41
526 _aSEG40
526 _aSEG39
526 _aP94
526 _aP87
526 _aP86
526 _aP85
526 _aP77
526 _aP76
526 _aP35
534 _pTítulo Original :
_tGottes Offenbarung.
546 _aText in English; translated from the German.
600 0 0 _aJesucristo.
910 _ardg
_bjck
_crdg
_d20150826
942 _2ddc
_cBOOK
949 _aPGT 232 W42
_wDEWEY
_c1
_i71950
_lCCODEBUL1
_mBUL
_p36.00
_r0
_sY
_tBOOK
_u2015-8-26
_xTEOLOGIA
_PP85
_0COMPRA
_o.CIRCNOTE. No olvidar cambiar la fecha de devolución!!!!!!!
_o.STAFF. Posgrado
994 _aC0
_bPEPRU
596 _a1
999 _aPGT 232 W42
_wDEWEY
_c6843
_i71950
_d6843
_f2021-11-10
_g5
_lCCODEBUL1
_mBUL
_p36.00
_q1
_r0
_sY
_tBOOK
_u2015-8-26
_xTEOLOGIA
_PP85
_0COMPRA
_o.CIRCNOTE. No olvidar cambiar la fecha de devolución!!!!!!!
_o.STAFF. Posgrado
980 _81
_gALBERTO SANCHEZ Responsable de Automatización